| 000 | 00662nam a2200205 i 4500 | ||
|---|---|---|---|
| 001 | 86963 | ||
| 003 | ES-MaACL | ||
| 007 | t| | ||
| 008 | 041217s1981 sp ||||1| spa d | ||
| 100 | 1 |
_aKoning, Frederick. _968557 |
|
| 245 | 1 | 0 |
_aIncubos y súcubos _b: el diablo y el sexo / _cFrederick Koning ; [traducción de R.M., Bassols]. |
| 250 | _a[1ª ed.]. | ||
| 260 |
_a[Esplugas de Llobregat] : _bPlaza & Janés, _c[1981] |
||
| 300 |
_a248 p. : _bil. ; _c18 cm. |
||
| 490 | 1 | _aRealismo fantastico | |
| 700 | 0 |
_aBassols, Rosa María _926334 |
|
| 830 | 0 |
_aRealismo fantastico _9181411 |
|
| 852 |
_aES-MaACL _jL-626 _bR.101357 |
||
| 999 |
_c86963 _d86963 |
||